Salvage Wharf Ltd & Anor v G & S Brough Ltd (Record no. 81314)

MARC details
000 -LEADER
fixed length control field 02027cab a22002415a 4500
001 - CONTROL NUMBER
control field L146882
008 - FIXED-LENGTH DATA ELEMENTS--GENERAL INFORMATION
fixed length control field 090309e20090129xxk f v 000 0 eng d
035 ## - SYSTEM CONTROL NUMBER
System control number (Sirsi) u146882
041 0# - LANGUAGE CODE
Language code of text/sound track or separate title eng
245 00 - TITLE STATEMENT
Title Salvage Wharf Ltd & Anor v G & S Brough Ltd
Medium [electronic resource]
260 ## - PUBLICATION, DISTRIBUTION, ETC.
Date of publication, distribution, etc. 2009
520 ## - SUMMARY, ETC.
Summary, etc. [2009] EWCA Civ 21, 29 January 2009. An agreement's terms may be more limited than they seem and might not cover changed circumstances. Appellant developers (S and B) appealed against declarations made in favour of a respondent landowner (G) that it was entitled to an easement of light and that a light obstruction notice lodged by S should be cancelled. G agreed not to interfere with an initial development on adjacent land, including not taking action in relation to its rights of light in 1999. S & B compulsorily purchased G's building to demolish it for another project in 2007. G claimed compensation for this compulsory purchase on the basis that the building had rights of light. The developers argued that G gave up its right of light in the 1999 agreement. Held. Appeal dismissed. The agreement was not the kind referred to in section 3 of the 1832 Prescription Act. While G agreed not to take action, it had not abandoned or agreed to abandon its rights. The 2007 development was a subsequent redevelopment, not part of the original development; compulsory purchase went beyond the development described in the agreement.
590 ## - LOCAL NOTE (RLIN)
Local note KA
650 24 - SUBJECT ADDED ENTRY--TOPICAL TERM
Topical term or geographic name entry element WILLOUGHBY V ECKSTEIN
650 24 - SUBJECT ADDED ENTRY--TOPICAL TERM
Topical term or geographic name entry element MARLBOROUGH (WEST END) LTD V WILKS HEAD & EVE (UNREPORTED)
650 24 - SUBJECT ADDED ENTRY--TOPICAL TERM
Topical term or geographic name entry element RHJ LTD V FT PATTEN (HOLDINGS) LTD AND ANOTHER
650 24 - SUBJECT ADDED ENTRY--TOPICAL TERM
Topical term or geographic name entry element PRESCRIPTION ACT 1832 S3
650 24 - SUBJECT ADDED ENTRY--TOPICAL TERM
Topical term or geographic name entry element RIGHTS TO LIGHT ACT 1959
651 #4 - SUBJECT ADDED ENTRY--GEOGRAPHIC NAME
Geographic name England and Wales
Chronological subdivision 1543-
690 ## - LOCAL SUBJECT ADDED ENTRY--TOPICAL TERM (OCLC, RLIN)
Topical term or geographic name as entry element PROPERTY-PROPERTY MANAGEMENT-EASEMENTS-RIGHTS TO LIGHT DETERMINATION
856 40 - ELECTRONIC LOCATION AND ACCESS
Uniform Resource Identifier <a href="https://www.bailii.org./cgi-bin/markup.cgi?doc=/ew/cases/EWCA/Civ/2009/21.html&query=salvage+and+wharf&method=boolean">https://www.bailii.org./cgi-bin/markup.cgi?doc=/ew/cases/EWCA/Civ/2009/21.html&query=salvage+and+wharf&method=boolean</a>
Public note View the case at: www.bailii.org...
942 ## - ADDED ENTRY ELEMENTS (KOHA)
Suppress in OPAC 0
Holdings
Withdrawn status Lost status Source of classification or shelving scheme Damaged status Not for loan Home library Current library Shelving location Date acquired Total Checkouts Full call number Barcode Date last seen Copy number Price effective from Koha item type
    Dewey Decimal Classification     Virtual Virtual Online 09/03/2009   ONLINE PUBLICATION 146882-2001 06/08/2019 1 06/08/2019 Law report